<?xml version="1.0" encoding="UTF-8"?>
<record
    xmlns:xsi="http://www.w3.org/2001/XMLSchema-instance"
    xsi:schemaLocation="http://www.loc.gov/MARC21/slim http://www.loc.gov/standards/marcxml/schema/MARC21slim.xsd"
    xmlns="http://www.loc.gov/MARC21/slim">

  <leader>00614    a2200193   4500</leader>
  <controlfield tag="003">OSt</controlfield>
  <controlfield tag="005">20231215131216.0</controlfield>
  <controlfield tag="008">231215b        |||||||| |||| 00| 0 eng d</controlfield>
  <datafield tag="020" ind1=" " ind2=" ">
    <subfield code="a">97893 84638 566</subfield>
  </datafield>
  <datafield tag="020" ind1=" " ind2=" ">
    <subfield code="a">9789384638559</subfield>
  </datafield>
  <datafield tag="040" ind1=" " ind2=" ">
    <subfield code="c">oclc</subfield>
  </datafield>
  <datafield tag="082" ind1=" " ind2=" ">
    <subfield code="a">894.8124</subfield>
    <subfield code="b">GRA/J</subfield>
  </datafield>
  <datafield tag="100" ind1=" " ind2=" ">
    <subfield code="a">Gramsci, Antonio</subfield>
    <subfield code="9">10129</subfield>
  </datafield>
  <datafield tag="245" ind1=" " ind2=" ">
    <subfield code="a">Jail Kurippukal = Prison Notebook , Rashtreeya rachanakal = Political essays /</subfield>
    <subfield code="c">Antonio Gramsci</subfield>
  </datafield>
  <datafield tag="250" ind1=" " ind2=" ">
    <subfield code="a">1st ed.</subfield>
  </datafield>
  <datafield tag="260" ind1=" " ind2=" ">
    <subfield code="a">Kozhikode:</subfield>
    <subfield code="b">Progress Publication,</subfield>
    <subfield code="c">2017.</subfield>
  </datafield>
  <datafield tag="300" ind1=" " ind2=" ">
    <subfield code="a">774p., 682p</subfield>
  </datafield>
  <datafield tag="942" ind1=" " ind2=" ">
    <subfield code="2">ddc</subfield>
    <subfield code="c">BK</subfield>
    <subfield code="h">894.8124</subfield>
    <subfield code="i">GRA/J</subfield>
    <subfield code="k">894.8124</subfield>
    <subfield code="m">GRA/J</subfield>
  </datafield>
  <datafield tag="952" ind1=" " ind2=" ">
    <subfield code="0">0</subfield>
    <subfield code="1">0</subfield>
    <subfield code="2">ddc</subfield>
    <subfield code="4">0</subfield>
    <subfield code="7">0</subfield>
    <subfield code="8">ESSAY</subfield>
    <subfield code="a">MES</subfield>
    <subfield code="b">MES</subfield>
    <subfield code="c">MAL</subfield>
    <subfield code="d">2023-12-15</subfield>
    <subfield code="l">0</subfield>
    <subfield code="o">894.8124 GRA/J</subfield>
    <subfield code="p">43530</subfield>
    <subfield code="r">2023-12-15 10:04:11</subfield>
    <subfield code="t">bk1</subfield>
    <subfield code="v">920.00</subfield>
    <subfield code="w">2023-12-15</subfield>
    <subfield code="y">BK</subfield>
    <subfield code="z">GR31R2</subfield>
  </datafield>
  <datafield tag="952" ind1=" " ind2=" ">
    <subfield code="0">0</subfield>
    <subfield code="1">0</subfield>
    <subfield code="2">ddc</subfield>
    <subfield code="4">0</subfield>
    <subfield code="7">0</subfield>
    <subfield code="8">ESSAY</subfield>
    <subfield code="a">MES</subfield>
    <subfield code="b">MES</subfield>
    <subfield code="c">MAL</subfield>
    <subfield code="d">2023-12-15</subfield>
    <subfield code="l">0</subfield>
    <subfield code="o">894.8124 GRA/J</subfield>
    <subfield code="p">43531</subfield>
    <subfield code="r">2023-12-15 11:02:15</subfield>
    <subfield code="t">bk2</subfield>
    <subfield code="v">780.00</subfield>
    <subfield code="w">2023-12-15</subfield>
    <subfield code="y">BK</subfield>
    <subfield code="z">GR31R2</subfield>
  </datafield>
  <datafield tag="999" ind1=" " ind2=" ">
    <subfield code="c">44144</subfield>
    <subfield code="d">44144</subfield>
  </datafield>
</record>
